[Event "Albena Masters op"]
[Site "Albena"]
[Date "2014.06.05"]
[Round "5"]
[White "Ninov, Dayan"]
[Black "Petrosyan, Tigran S"]
[Result "1/2-1/2"]
[WhiteElo "2222"]
[BlackElo "2416"]
[PlyCount "110"]
[EventDate "2014.06.01"]
[EventType "swiss"]
[EventRounds "9"]
[EventCountry "BUL"]
[SourceTitle "CBM 160 Extra"]
[Source "ChessBase"]
[SourceDate "2014.07.01"]
[SourceVersion "1"]
[SourceVersionDate "2014.07.01"]
[SourceQuality "1"]

1. d4 d5 2. Nf3 Nf6 3. c4 e6 4. g3 dxc4 5. Bg2 Nc6 6. O-O Rb8 7. e3 Bd7 8. Qe2
b5 9. a4 a6 10. axb5 axb5 11. Rd1 Be7 12. Ne5 Nb4 13. b3 cxb3 14. Nd2 Nfd5 15.
Bb2 O-O 16. Nxb3 Be8 17. e4 Nb6 18. Nc5 Na4 19. Nxa4 bxa4 20. d5 exd5 21. exd5
Bf6 22. Nc6 Nxc6 23. Bxf6 Qxf6 24. dxc6 Bxc6 25. Bxc6 Qxc6 26. Rdc1 Qd7 27. Qc4
Ra8 28. Qxc7 Qxc7 29. Rxc7 Ra6 30. Ra3 g6 31. Kg2 Rfa8 32. h4 h5 33. Rc4 R8a7
34. Rf4 Kg7 35. Kg1 Ra5 36. Kg2 Kf8 37. Re4 Ra8 38. Kg1 f6 39. Kg2 Kf7 40. f3
R8a7 41. Kf2 Kg7 42. Kg2 Kh6 43. Kf2 Rb5 44. Raxa4 Rb2+ 45. Kf1 Rab7 46. Re2
R2b3 47. Kf2 Rc7 48. Rf4 f5 49. Kg2 Rcc3 50. Rf2 Ra3 51. Rb4 Ra1 52. Rb6 Rcc1
53. Rd2 Rd1 54. Kf2 Rf1+ 55. Ke2 Rae1+ 1/2-1/2

[Event "Albena Masters op"]
[Site "Albena"]
[Date "2014.06.06"]
[Round "6"]
[White "Petrosyan, Tigran S"]
[Black "Kirjakov, Toma"]
[Result "1-0"]
[WhiteElo "2416"]
[BlackElo "2216"]
[PlyCount "111"]
[EventDate "2014.06.01"]
[EventType "swiss"]
[EventRounds "9"]
[EventCountry "BUL"]
[SourceTitle "CBM 160 Extra"]
[Source "ChessBase"]
[SourceDate "2014.07.01"]
[SourceVersion "1"]
[SourceVersionDate "2014.07.01"]
[SourceQuality "1"]

1. Nf3 c5 2. c4 e6 3. g3 b6 4. Bg2 Bb7 5. Nc3 Nf6 6. O-O Be7 7. d4 cxd4 8. Qxd4
Nc6 9. Qf4 O-O 10. Rd1 d6 11. b3 Qb8 12. Bb2 Rd8 13. h3 Rd7 14. Rd2 Ne5 15.
Rad1 Nxf3+ 16. Bxf3 Bxf3 17. Qxf3 Qf8 18. Nb5 Rc8 19. Bxf6 gxf6 20. Qf4 Rc6 21.
e4 a6 22. Nd4 Rc5 23. a4 Qg7 24. Qf3 Rdc7 25. Nc2 Qh6 26. Kg2 b5 27. axb5 axb5
28. Na3 bxc4 29. Nxc4 f5 30. Nxd6 Rc3 31. Rd3 Rxd3 32. Rxd3 Bxd6 33. Rxd6 Rc5
34. Rd7 Qf6 35. exf5 Rxf5 36. Qe3 Rb5 37. Rd4 h5 38. b4 Kg7 39. Rf4 Qg6 40.
Qc3+ e5 41. Rc4 Rd5 42. h4 Qf5 43. Qe3 Kg6 44. Rc6+ f6 45. Rc3 Rd1 46. Rb3 Qc2
47. b5 Qc4 48. Kh2 Qf1 49. Qe4+ Kg7 50. Qg2 Qc4 51. Rb2 Qd4 52. Qb7+ Kg6 53.
Rc2 Rb1 54. Qa8 e4 55. Re2 Rxb5 56. Qe8+ 1-0

[Event "Albena Masters op"]
[Site "Albena"]
[Date "2014.06.07"]
[Round "7"]
[White "Vajda, Levente"]
[Black "Petrosyan, Tigran S"]
[Result "1-0"]
[WhiteElo "2601"]
[BlackElo "2416"]
[PlyCount "117"]
[EventDate "2014.06.01"]
[EventType "swiss"]
[EventRounds "9"]
[EventCountry "BUL"]
[SourceTitle "CBM 160 Extra"]
[Source "ChessBase"]
[SourceDate "2014.07.01"]
[SourceVersion "1"]
[SourceVersionDate "2014.07.01"]
[SourceQuality "1"]

1. e4 e5 2. Nf3 Nc6 3. Bc4 Bc5 4. O-O Nf6 5. d3 d6 6. c3 a6 7. Bb3 Ba7 8. Nbd2
O-O 9. h3 Be6 10. Re1 Bxb3 11. Qxb3 Rb8 12. Nf1 Qd7 13. Ng3 Rfe8 14. Bg5 Qe6
15. Rad1 Qxb3 16. axb3 Nd7 17. d4 h6 18. Be3 exd4 19. cxd4 Nb4 20. Re2 Nf6 21.
Bd2 Nc6 22. Bc3 Bb6 23. d5 Ne5 24. Nd4 g6 25. Kh1 h5 26. f4 Ned7 27. Nf3 Re7
28. e5 Rbe8 29. Rdd2 Nh7 30. b4 dxe5 31. fxe5 c6 32. dxc6 bxc6 33. Rd6 Nb8 34.
Ne4 Bc7 35. Rdd2 Rd8 36. Rxd8+ Bxd8 37. g4 hxg4 38. hxg4 Nd7 39. g5 Ndf8 40.
Rc2 Rd7 41. Bd2 Rc7 42. Nd4 Ne6 43. Nxe6 fxe6 44. Kg2 Nf8 45. Nc5 Ra7 46. Nb3
Rc7 47. Nd4 Rd7 48. Nxc6 Bb6 49. Kf3 Rd3+ 50. Ke4 Rh3 51. Bf4 Rh1 52. Rc1 Rh3
53. Ne7+ Kf7 54. Nc8 Nd7 55. Rd1 Ke8 56. Rd6 Bc7 57. Rxe6+ Kd8 58. Nd6 Bxd6 59.
Rxd6 1-0

[Event "Albena Masters op"]
[Site "Albena"]
[Date "2014.06.08"]
[Round "8"]
[White "Petrosyan, Tigran S"]
[Black "Parligras, Cosmin"]
[Result "0-1"]
[WhiteElo "2416"]
[BlackElo "2259"]
[PlyCount "114"]
[EventDate "2014.06.01"]
[EventType "swiss"]
[EventRounds "9"]
[EventCountry "BUL"]
[SourceTitle "CBM 160 Extra"]
[Source "ChessBase"]
[SourceDate "2014.07.01"]
[SourceVersion "1"]
[SourceVersionDate "2014.07.01"]
[SourceQuality "1"]

1. Nf3 d5 2. d4 Nf6 3. c4 c6 4. Qc2 g6 5. Bf4 Bf5 6. Qb3 Qb6 7. e3 Qxb3 8. axb3
Bxb1 9. Rxb1 e6 10. Bd3 Nh5 11. Be5 f6 12. Bxb8 Rxb8 13. g4 Ng7 14. h4 Kf7 15.
h5 gxh5 16. gxh5 Ne8 17. Ke2 Nd6 18. Rbg1 Bh6 19. Nh2 f5 20. c5 Ne8 21. Nf3 Nf6
22. Ne5+ Ke7 23. Ra1 Ra8 24. Ba6 Rhb8 25. b4 Nd7 26. Bxb7 Rxb7 27. Nxc6+ Kf8
28. Ra6 Nb8 29. Nxb8 Raxb8 30. Rxe6 Bg7 31. h6 Kf7 32. Ra6 Bf6 33. Kf3 Rxb4 34.
Rxa7+ R8b7 35. Rxb7+ Rxb7 36. Rc1 Rxb2 37. c6 Bh4 38. Kg2 Rb8 39. c7 Rc8 40.
Kf3 Bg5 41. Rc6 Ke7 42. Rc1 Ke6 43. Rg1 Bf6 44. Ra1 Be7 45. Ra6+ Bd6 46. Ke2
Rxc7 47. Ra8 Rf7 48. Re8+ Be7 49. Rh8 Bf8 50. f3 Bxh6 51. Ra8 Bf8 52. Ra6+ Bd6
53. Ra5 Rb7 54. f4 h5 55. Kf3 h4 56. Ra8 Rb8 57. Ra7 Rh8 0-1

[Event "Albena Masters op"]
[Site "Albena"]
[Date "2014.06.09"]
[Round "9"]
[White "Stoinev, Metodi"]
[Black "Petrosyan, Tigran S"]
[Result "0-1"]
[WhiteElo "2221"]
[BlackElo "2416"]
[PlyCount "70"]
[EventDate "2014.06.01"]
[EventType "swiss"]
[EventRounds "9"]
[EventCountry "BUL"]
[SourceTitle "CBM 160 Extra"]
[Source "ChessBase"]
[SourceDate "2014.07.01"]
[SourceVersion "1"]
[SourceVersionDate "2014.07.01"]
[SourceQuality "1"]

1. e4 e5 2. Nf3 Nc6 3. Bb5 a6 4. Ba4 Nf6 5. Bxc6 dxc6 6. d3 Bd6 7. Nbd2 Bg4 8.
h3 Bh5 9. g4 Bg6 10. Nf1 Nd7 11. Ng3 Nc5 12. Nf5 Ne6 13. Be3 c5 14. c3 Qd7 15.
Qb3 O-O-O 16. O-O-O Rhe8 17. Ng5 Nxg5 18. Bxg5 f6 19. Be3 Bf8 20. f3 Qb5 21.
Qxb5 axb5 22. c4 c6 23. b3 Kc7 24. Kb2 Rd7 25. Rd2 Red8 26. Kc2 Bf7 27. h4 Ra8
28. Ra1 bxc4 29. dxc4 Rxd2+ 30. Bxd2 b5 31. Ne3 b4 32. Nd1 h5 33. g5 Bg6 34.
Kd3 Bd6 35. gxf6 gxf6 0-1

[Event "Golden Sands Europe op 3rd"]
[Site "Golden Sands"]
[Date "2014.06.10"]
[Round "1"]
[White "Hurtak, Otto"]
[Black "Petrosyan, Tigran S"]
[Result "1/2-1/2"]
[WhiteElo "2025"]
[BlackElo "2416"]
[PlyCount "89"]
[EventDate "2014.06.10"]
[EventType "swiss"]
[EventRounds "9"]
[EventCountry "BUL"]
[SourceTitle "CBM 160 Extra"]
[Source "ChessBase"]
[SourceDate "2014.07.01"]
[SourceVersion "1"]
[SourceVersionDate "2014.07.01"]
[SourceQuality "1"]

1. d4 d5 2. c4 c6 3. cxd5 cxd5 4. Nc3 Nc6 5. Nf3 Nf6 6. Bf4 Bf5 7. e3 e6 8. Ne5
Nxe5 9. Bxe5 Nd7 10. Bg3 Bb4 11. Rc1 Rc8 12. Bd3 Bxc3+ 13. Rxc3 Rxc3 14. bxc3
Bxd3 15. Qxd3 O-O 16. O-O Nb6 17. e4 Qd7 18. Re1 Rc8 19. f3 h6 20. h4 Qa4 21.
Re2 Qc6 22. Be1 Nc4 23. h5 b5 24. e5 Rb8 25. Bh4 Nb6 26. g4 Ra8 27. Be1 Rf8 28.
Bh4 Na4 29. Rc2 Qc4 30. Qe3 Kh7 31. g5 hxg5 32. Bxg5 Rg8 33. Be7 a5 34. Kh2 b4
35. h6 bxc3 36. Rg2 c2 37. Ba3 g6 38. Qf4 Qc7 39. Qf6 Nb6 40. Rg3 c1=R 41. Bxc1
Qxc1 42. Qxf7+ Kh8 43. Qf6+ Kh7 44. Qf7+ Kh8 45. Qf6+ 1/2-1/2

[Event "Golden Sands Europe op 3rd"]
[Site "Golden Sands"]
[Date "2014.06.12"]
[Round "3"]
[White "Petrosyan, Tigran S"]
[Black "Grandelius, Nils"]
[Result "0-1"]
[WhiteElo "2416"]
[BlackElo "2587"]
[PlyCount "52"]
[EventDate "2014.06.10"]
[EventType "swiss"]
[EventRounds "9"]
[EventCountry "BUL"]
[SourceTitle "CBM 160 Extra"]
[Source "ChessBase"]
[SourceDate "2014.07.01"]
[SourceVersion "1"]
[SourceVersionDate "2014.07.01"]
[SourceQuality "1"]

1. Nf3 d5 2. g3 g6 3. Bg2 Bg7 4. d4 Nf6 5. O-O O-O 6. c4 dxc4 7. Na3 c3 8. bxc3
c5 9. Nc4 Be6 10. Ne3 Nc6 11. Ne5 Rc8 12. Nxc6 bxc6 13. Ba3 Nd7 14. Bb2 Qa5 15.
d5 cxd5 16. Nxd5 Bxd5 17. Qxd5 Nb6 18. Qd3 Rfd8 19. Qc2 Nc4 20. Bc1 Qxc3 21.
Qxc3 Bxc3 22. Rb1 Nd2 23. Bxd2 Rxd2 24. Rb7 Bf6 25. Rxa7 c4 26. Rc1 Bb2 0-1

[Event "Golden Sands Europe op 3rd"]
[Site "Golden Sands"]
[Date "2014.06.13"]
[Round "4"]
[White "Morozov, Egor"]
[Black "Petrosyan, Tigran S"]
[Result "0-1"]
[WhiteElo "2179"]
[BlackElo "2416"]
[PlyCount "90"]
[EventDate "2014.06.10"]
[EventType "swiss"]
[EventRounds "9"]
[EventCountry "BUL"]
[SourceTitle "CBM 160 Extra"]
[Source "ChessBase"]
[SourceDate "2014.07.01"]
[SourceVersion "1"]
[SourceVersionDate "2014.07.01"]
[SourceQuality "1"]

1. e4 e5 2. Nf3 Nc6 3. Bb5 a6 4. Ba4 Nf6 5. d3 b5 6. Bb3 Be7 7. O-O d6 8. c3
O-O 9. h3 Na5 10. Bc2 c5 11. Re1 Nc6 12. Nbd2 h6 13. Nf1 Be6 14. Ng3 Re8 15.
Be3 d5 16. exd5 Nxd5 17. d4 exd4 18. Qd3 g6 19. cxd4 Ncb4 20. Qd2 Nxc2 21. Qxc2
Nxe3 22. Rxe3 Qc8 23. d5 Bxd5 24. Rae1 Bxf3 25. gxf3 Qd7 26. b4 cxb4 27. Qe2
Ra7 28. h4 h5 29. Qb2 Rc7 30. Kg2 Rc6 31. Qe2 Rc7 32. Qb2 Qd8 33. Qe2 Rd7 34.
Re5 Rd2 35. Qe3 Rxa2 36. Rxe7 Rxe7 37. Qxe7 Qxe7 38. Rxe7 b3 39. Re3 b2 40. Rb3
a5 41. Rxb5 a4 42. Ne4 a3 43. Nd2 Ra1 44. Nb3 Kg7 45. f4 a2 0-1

[Event "Golden Sands Europe op 3rd"]
[Site "Golden Sands"]
[Date "2014.06.14"]
[Round "5"]
[White "Petrosyan, Tigran S"]
[Black "Friedrichs, Klaus"]
[Result "1-0"]
[WhiteElo "2416"]
[BlackElo "2298"]
[PlyCount "119"]
[EventDate "2014.06.10"]
[EventType "swiss"]
[EventRounds "9"]
[EventCountry "BUL"]
[SourceTitle "CBM 160 Extra"]
[Source "ChessBase"]
[SourceDate "2014.07.01"]
[SourceVersion "1"]
[SourceVersionDate "2014.07.01"]
[SourceQuality "1"]

1. Nf3 f5 2. g3 Nf6 3. Bg2 e6 4. O-O d5 5. d3 Bc5 6. c4 O-O 7. a3 a5 8. Nbd2
Nc6 9. Nb3 Ba7 10. cxd5 exd5 11. e3 a4 12. Nbd4 Bd7 13. Bd2 Nxd4 14. exd4 Bb5
15. Bb4 Re8 16. Qd2 c6 17. Rfe1 Qc7 18. Bc3 f4 19. Bh3 fxg3 20. hxg3 Rxe1+ 21.
Rxe1 Re8 22. Rxe8+ Nxe8 23. Qe3 Nf6 24. Qe6+ Qf7 25. Qc8+ Qe8 26. Qxb7 Bb8 27.
Ng5 Bd6 28. Be6+ Kf8 29. Bf5 Kg8 30. Kg2 g6 31. Be6+ Kf8 32. Bd2 Qe7 33. Nxh7+
Kg7 34. Qxe7+ Bxe7 35. Nxf6 Bxf6 36. Bc3 Bxd3 37. Bg4 g5 38. Bd1 Bb5 39. Kf3
Be7 40. Bb4 Bf6 41. Bc5 Kf7 42. Ke3 Ke6 43. Bc2 Bg7 44. g4 Bf6 45. f4 Bd8 46.
Kf3 gxf4 47. Kxf4 Bc7+ 48. Kg5 Kf7 49. Kf5 Bh2 50. g5 Kg7 51. Ke6 Bf4 52. Be7
Ba6 53. Bf6+ Kf8 54. Kd7 Bb5 55. g6 Bh6 56. Kd8 Kg8 57. Bf5 Kf8 58. Be6 Bd3 59.
g7+ Bxg7 60. Be7# 1-0

[Event "Golden Sands Europe op 3rd"]
[Site "Golden Sands"]
[Date "2014.06.15"]
[Round "6"]
[White "Can, Emre"]
[Black "Petrosyan, Tigran S"]
[Result "0-1"]
[WhiteElo "2519"]
[BlackElo "2416"]
[PlyCount "85"]
[EventDate "2014.06.10"]
[EventType "swiss"]
[EventRounds "9"]
[EventCountry "BUL"]
[SourceTitle "CBM 160 Extra"]
[Source "ChessBase"]
[SourceDate "2014.07.01"]
[SourceVersion "1"]
[SourceVersionDate "2014.07.01"]
[SourceQuality "1"]

1. d4 d5 2. Nf3 Nf6 3. c4 e6 4. Nc3 Be7 5. Bg5 h6 6. Bh4 O-O 7. e3 b6 8. Bd3
Bb7 9. O-O Nbd7 10. Qe2 c5 11. Rfd1 Ne4 12. Bxe7 Nxc3 13. bxc3 Qxe7 14. cxd5
exd5 15. a4 a6 16. Rdb1 g6 17. h3 Rfe8 18. Ra2 c4 19. Bc2 Bc6 20. Bd1 b5 21.
Ne1 Nb6 22. axb5 axb5 23. Rxa8 Rxa8 24. Nc2 Bd7 25. Qe1 Qg5 26. Kh2 Qf5 27. Rc1
Ra2 28. Bg4 Qf6 29. Bf3 Rb2 30. Nb4 Bf5 31. Ra1 Be4 32. Bxe4 dxe4 33. Ra6 Qd8
34. d5 Nxd5 35. Qa1 Qc7+ 36. Kg1 Rd2 37. Ra8+ Kg7 38. Qc1 Rd3 39. Nxd3 cxd3 40.
Qb2 Qxc3 41. Qa2 Qc1+ 42. Kh2 Nc3 43. f3 0-1

[Event "Golden Sands Europe op 3rd"]
[Site "Golden Sands"]
[Date "2014.06.16"]
[Round "7"]
[White "Petrosyan, Tigran S"]
[Black "Barnaure, Vlad Victor"]
[Result "1/2-1/2"]
[WhiteElo "2416"]
[BlackElo "2518"]
[PlyCount "63"]
[EventDate "2014.06.10"]
[EventType "swiss"]
[EventRounds "9"]
[EventCountry "BUL"]
[SourceTitle "CBM 160 Extra"]
[Source "ChessBase"]
[SourceDate "2014.07.01"]
[SourceVersion "1"]
[SourceVersionDate "2014.07.01"]
[SourceQuality "1"]

1. Nf3 g6 2. d4 Bg7 3. g3 c5 4. d5 d6 5. Bg2 b5 6. O-O Nf6 7. Re1 O-O 8. a4
bxa4 9. Nc3 Nbd7 10. e4 Ng4 11. Nxa4 Nge5 12. Nd2 Nb6 13. h3 Nxa4 14. Rxa4 Nd7
15. Ra2 a5 16. Nc4 a4 17. c3 Ba6 18. Bf1 Bxc4 19. Bxc4 a3 20. bxa3 Bxc3 21. Re3
Qa5 22. a4 Rfb8 23. Qc2 Bd4 24. Bd2 Qa7 25. Rb3 Ne5 26. Rxb8+ Qxb8 27. Be2 c4
28. Kg2 c3 29. Bxc3 Bxc3 30. Qxc3 Qb1 31. Qc2 Qxc2 32. Rxc2 1/2-1/2

[Event "Golden Sands Europe op 3rd"]
[Site "Golden Sands"]
[Date "2014.06.17"]
[Round "8"]
[White "Chatalbashev, Boris"]
[Black "Petrosyan, Tigran S"]
[Result "1/2-1/2"]
[WhiteElo "2540"]
[BlackElo "2416"]
[PlyCount "35"]
[EventDate "2014.06.10"]
[EventType "swiss"]
[EventRounds "9"]
[EventCountry "BUL"]
[SourceTitle "CBM 160 Extra"]
[Source "ChessBase"]
[SourceDate "2014.07.01"]
[SourceVersion "1"]
[SourceVersionDate "2014.07.01"]
[SourceQuality "1"]

1. c4 e6 2. Nf3 d5 3. g3 dxc4 4. Qa4+ Nd7 5. Qxc4 a6 6. a4 b6 7. Bg2 Bb7 8. O-O
Ngf6 9. b4 Bd5 10. Qc3 c5 11. b5 Qc8 12. d3 c4 13. dxc4 Qxc4 14. Qxc4 Bxc4 15.
Nd4 Bd5 16. bxa6 Bd6 17. Nb5 Be5 18. N1c3 1/2-1/2

[Event "EU-ch rapid"]
[Site "Wroclaw"]
[Date "2014.12.21"]
[Round "8"]
[White "Krasenkow, Michal"]
[Black "Petrosyan, Tigran S"]
[Result "1/2-1/2"]
[WhiteElo "2614"]
[BlackElo "2429"]
[PlyCount "97"]
[EventDate "2014.12.20"]
[EventType "swiss (rapid)"]
[EventRounds "11"]
[EventCountry "POL"]
[SourceTitle "CBM 164 Extra"]
[Source "ChessBase"]
[SourceDate "2015.03.02"]
[SourceVersion "1"]
[SourceVersionDate "2015.03.02"]
[SourceQuality "1"]

1. d4 d5 2. Nf3 Nf6 3. c4 e6 4. g3 dxc4 5. Bg2 Nc6 6. Qa4 Bb4+ 7. Bd2 Nd5 8.
Bxb4 Ndxb4 9. O-O Bd7 10. Ne5 a5 11. Nxd7 Qxd7 12. a3 Nd5 13. Qxc4 Nb6 14. Qd3
O-O 15. e3 e5 16. d5 Ne7 17. Nc3 Rfd8 18. Rfd1 Nec8 19. Ne4 Nd6 20. Rac1 Qe7
21. Qc2 Rac8 22. Bh3 Rb8 23. Bg2 Rbc8 24. Nc5 g6 25. Qc3 a4 26. Qb4 Qe8 27. Rd2
Rb8 28. Rdc2 Qb5 29. Qh4 Re8 30. Bf1 Qa5 31. e4 c6 32. dxc6 bxc6 33. Nd3 Rbc8
34. Rxc6 Rxc6 35. Rxc6 Nbc8 36. Nb4 Qa8 37. Bd3 Kg7 38. Ra6 Qb7 39. Nd5 Re6 40.
Nb4 Nb6 41. Qd8 Ndc8 42. Kg2 Rd6 43. Qe8 Rxd3 44. Nxd3 Qxa6 45. Qxe5+ Kg8 46.
Qe8+ Kg7 47. Qe5+ Kg8 48. Qe8+ Kg7 49. Qe5+ 1/2-1/2

[Event "Krakow op-A 25th"]
[Site "Krakow"]
[Date "2014.12.27"]
[Round "1"]
[White "Gasik, Anna"]
[Black "Petrosyan, Tigran S"]
[Result "0-1"]
[WhiteElo "2183"]
[BlackElo "2429"]
[PlyCount "54"]
[EventDate "2014.12.27"]
[EventType "swiss"]
[EventRounds "9"]
[EventCountry "POL"]
[SourceTitle "CBM 164 Extra"]
[Source "ChessBase"]
[SourceDate "2015.03.02"]
[SourceVersion "1"]
[SourceVersionDate "2015.03.02"]
[SourceQuality "1"]

1. e4 e5 2. Nf3 Nc6 3. Bc4 Bc5 4. O-O Nf6 5. Re1 d6 6. c3 O-O 7. h3 Bb6 8. Bb3
Ne7 9. d4 Ng6 10. Na3 c6 11. dxe5 dxe5 12. Be3 Bxe3 13. Rxe3 Qe7 14. Qe1 a5 15.
Nc2 Nf4 16. Rd1 Be6 17. Kh2 Rad8 18. Rxd8 Rxd8 19. Qf1 Bc8 20. Nce1 Rd6 21. Qc4
Nd7 22. g3 Ne6 23. Qe2 Nec5 24. Bc2 b5 25. Nd3 Qe6 26. Ng5 Qxa2 27. b3 h6 0-1

[Event "Krakow op-A 25th"]
[Site "Krakow"]
[Date "2014.12.28"]
[Round "2"]
[White "Petrosyan, Tigran S"]
[Black "Gumularz, Szymon"]
[Result "1-0"]
[WhiteElo "2429"]
[BlackElo "2241"]
[PlyCount "93"]
[EventDate "2014.12.27"]
[EventType "swiss"]
[EventRounds "9"]
[EventCountry "POL"]
[SourceTitle "CBM 164 Extra"]
[Source "ChessBase"]
[SourceDate "2015.03.02"]
[SourceVersion "1"]
[SourceVersionDate "2015.03.02"]
[SourceQuality "1"]

1. Nf3 d5 2. g3 g6 3. Bg2 Bg7 4. d4 Nf6 5. O-O O-O 6. c4 dxc4 7. Na3 Nc6 8.
Nxc4 Be6 9. b3 a5 10. Bb2 a4 11. e3 Bd5 12. Qe2 Ra6 13. Rfd1 Qa8 14. Ncd2 a3
15. Bc3 Ne4 16. Nxe4 Bxe4 17. Rac1 Rd8 18. Bh3 Bxf3 19. Qxf3 e6 20. Bf1 Rb6 21.
h4 Rd7 22. h5 Nb4 23. Qe2 Qd8 24. Bg2 Qg5 25. Bf3 e5 26. h6 Qxh6 27. dxe5 Rxd1+
28. Rxd1 Qg5 29. Rd7 Qf5 30. Rd8+ Bf8 31. Kg2 Nc6 32. Re8 Qd7 33. Ra8 Qe7 34.
Bxc6 Rxc6 35. Qd2 Kg7 36. b4 Qe6 37. Rxa3 Rc4 38. Rb3 h5 39. f3 Kg8 40. e4 b5
41. Qd3 Qa6 42. a3 Qa4 43. Bb2 Bh6 44. e6 fxe6 45. Qd8+ Bf8 46. Qf6 Rc2+ 47.
Kh3 1-0

[Event "Krakow op-A 25th"]
[Site "Krakow"]
[Date "2014.12.28"]
[Round "3"]
[White "Skawinski, Arkadiusz"]
[Black "Petrosyan, Tigran S"]
[Result "1/2-1/2"]
[WhiteElo "2346"]
[BlackElo "2429"]
[PlyCount "51"]
[EventDate "2014.12.27"]
[EventType "swiss"]
[EventRounds "9"]
[EventCountry "POL"]
[SourceTitle "CBM 164 Extra"]
[Source "ChessBase"]
[SourceDate "2015.03.02"]
[SourceVersion "1"]
[SourceVersionDate "2015.03.02"]
[SourceQuality "1"]

1. e4 e5 2. Nf3 Nc6 3. Bb5 a6 4. Ba4 Nf6 5. O-O Be7 6. Re1 b5 7. Bb3 O-O 8. h3
Bb7 9. d3 d5 10. exd5 Nxd5 11. Nxe5 Nxe5 12. Rxe5 Qd6 13. Re1 Rae8 14. Nd2 c5
15. Ne4 Qc6 16. c4 Nb6 17. f3 Bh4 18. Rf1 Qc7 19. cxb5 axb5 20. Be3 c4 21. dxc4
bxc4 22. Qd4 Bxe4 23. fxe4 cxb3 24. Qxb6 Qxb6 25. Bxb6 bxa2 26. Bc5 1/2-1/2

[Event "Krakow op-A 25th"]
[Site "Krakow"]
[Date "2014.12.29"]
[Round "4"]
[White "Petrosyan, Tigran S"]
[Black "Gazik, Viktor"]
[Result "1-0"]
[WhiteElo "2429"]
[BlackElo "2283"]
[PlyCount "137"]
[EventDate "2014.12.27"]
[EventType "swiss"]
[EventRounds "9"]
[EventCountry "POL"]
[SourceTitle "CBM 164 Extra"]
[Source "ChessBase"]
[SourceDate "2015.03.02"]
[SourceVersion "1"]
[SourceVersionDate "2015.03.02"]
[SourceQuality "1"]

1. Nf3 Nf6 2. c4 g6 3. Nc3 Bg7 4. d4 c5 5. e4 cxd4 6. Nxd4 d6 7. Be2 Nc6 8. Be3
O-O 9. O-O Nxd4 10. Bxd4 Be6 11. f4 Ne8 12. f5 Bd7 13. Bxg7 Nxg7 14. f6 Ne8 15.
fxe7 Qxe7 16. Qd4 Be6 17. Rad1 f6 18. Nb5 b6 19. Nxd6 Nxd6 20. Qxd6 Rae8 21.
Qxe7 Rxe7 22. Rd6 Kg7 23. Rfd1 Rc8 24. R1d4 Rc5 25. b3 Kf7 26. Kf2 Re5 27. Bf3
Rc5 28. Rd8 Rcc7 29. R8d6 Rc5 30. Rd2 Rcc7 31. Ke3 Rc5 32. Kd4 Rec7 33. Ke3 Re7
34. R6d4 Rcc7 35. Kd3 Rc8 36. h3 h5 37. Rc2 Rec7 38. Be2 Ke7 39. Kd2 Rc5 40. b4
R5c6 41. Kc3 R6c7 42. Bd3 Rc6 43. Kd2 Bf7 44. Rc3 Ke6 45. Rd5 Ke7 46. Ke3 g5
47. Kd4 Rb8 48. a3 Rd6 49. Rxd6 Kxd6 50. c5+ bxc5+ 51. Rxc5 Rd8 52. Ra5 Rd7 53.
Bb5 Rc7 54. Ra6+ Ke7 55. Bc6 Be6 56. Kc5 Bc8 57. Ra5 h4 58. b5 Bd7 59. Ra4 Be8
60. Rd4 Rc8 61. a4 Ke6 62. Rd5 Ke7 63. Rd6 Rc7 64. a5 Bg6 65. b6 axb6+ 66. axb6
Rc8 67. b7 Rb8 68. Rd7+ Ke6 69. Rc7 1-0

[Event "Krakow op-A 25th"]
[Site "Krakow"]
[Date "2014.12.30"]
[Round "5"]
[White "Sivuk, Vitaly"]
[Black "Petrosyan, Tigran S"]
[Result "1-0"]
[WhiteElo "2501"]
[BlackElo "2429"]
[PlyCount "97"]
[EventDate "2014.12.27"]
[EventType "swiss"]
[EventRounds "9"]
[EventCountry "POL"]
[SourceTitle "CBM 164 Extra"]
[Source "ChessBase"]
[SourceDate "2015.03.02"]
[SourceVersion "1"]
[SourceVersionDate "2015.03.02"]
[SourceQuality "1"]

1. c4 e6 2. Nc3 d5 3. d4 Be7 4. Bf4 Nf6 5. e3 O-O 6. a3 b6 7. Nf3 Bb7 8. cxd5
Nxd5 9. Nxd5 Bxd5 10. Bd3 c5 11. dxc5 Bxc5 12. Bxh7+ Kxh7 13. Ng5+ Kg8 14. Qh5
Be4 15. Nxe4 Be7 16. O-O Qd3 17. Qf3 Na6 18. Rad1 Qb5 19. b4 Rad8 20. h3 Nb8
21. Qg3 Qf5 22. Be5 g6 23. Nd6 Bxd6 24. Bxd6 Rfe8 25. f3 e5 26. e4 Qe6 27. Bxe5
Rxd1 28. Rxd1 Qxe5 29. Qxe5 Rxe5 30. Rd8+ Kg7 31. Rxb8 Rb5 32. Kf2 a5 33. bxa5
Rxa5 34. Rxb6 Rxa3 35. h4 Ra5 36. g4 Rc5 37. Kg3 Ra5 38. Rd6 Rb5 39. Rd5 Rb1
40. h5 gxh5 41. Rxh5 Ra1 42. Rb5 Ra3 43. g5 Ra6 44. Kg4 Rc6 45. Kf5 Ra6 46. f4
Rc6 47. Rb7 Ra6 48. e5 Rc6 49. Rd7 1-0

[Event "Krakow op-A 25th"]
[Site "Krakow"]
[Date "2014.12.31"]
[Round "6"]
[White "Petrosyan, Tigran S"]
[Black "Gbyl, Andrzej"]
[Result "1-0"]
[WhiteElo "2429"]
[BlackElo "2171"]
[PlyCount "67"]
[EventDate "2014.12.27"]
[EventType "swiss"]
[EventRounds "9"]
[EventCountry "POL"]
[SourceTitle "CBM 164 Extra"]
[Source "ChessBase"]
[SourceDate "2015.03.02"]
[SourceVersion "1"]
[SourceVersionDate "2015.03.02"]
[SourceQuality "1"]

1. Nf3 d5 2. g3 Bg4 3. Bg2 Nd7 4. c4 e6 5. cxd5 exd5 6. O-O Ngf6 7. d3 c6 8.
Nc3 Bxf3 9. Bxf3 d4 10. Ne4 Be7 11. Nxf6+ Nxf6 12. Bd2 O-O 13. b4 Nd5 14. Qb3
Nc3 15. Bxc3 dxc3 16. Rab1 Bf6 17. Rfd1 a5 18. a3 Qb6 19. e3 axb4 20. axb4 Qb5
21. Kg2 Ra4 22. d4 Be7 23. Qxc3 Rxb4 24. Rxb4 Bxb4 25. Qb3 b6 26. Ra1 g6 27.
Ra7 c5 28. Bd5 Qe8 29. Rb7 Ba5 30. Qc4 cxd4 31. Qxd4 Qb5 32. e4 Bb4 33. Rxb6
Bc5 34. Bxf7+ 1-0

[Event "Krakow op-A 25th"]
[Site "Krakow"]
[Date "2015.01.02"]
[Round "7"]
[White "Dragun, Kamil"]
[Black "Petrosyan, Tigran S"]
[Result "1-0"]
[WhiteElo "2547"]
[BlackElo "2429"]
[PlyCount "99"]
[EventDate "2014.12.27"]
[EventType "swiss"]
[EventRounds "9"]
[EventCountry "POL"]
[SourceTitle "CBM 164 Extra"]
[Source "ChessBase"]
[SourceDate "2015.03.02"]
[SourceVersion "1"]
[SourceVersionDate "2015.03.02"]
[SourceQuality "1"]

1. d4 d5 2. c4 e6 3. Nc3 Be7 4. Nf3 Nf6 5. Bg5 h6 6. Bh4 O-O 7. e3 b6 8. Be2
Bb7 9. Bxf6 Bxf6 10. cxd5 exd5 11. O-O Nd7 12. Qb3 c6 13. Rad1 Be7 14. e4 dxe4
15. Nxe4 Nf6 16. Ng3 Nd5 17. Ne5 g6 18. f4 Bh4 19. Ne4 Qe7 20. g3 Bf6 21. Nxf6+
Qxf6 22. f5 Qg5 23. fxg6 fxg6 24. Bc4 Kg7 25. Bxd5 cxd5 26. Qa3 a5 27. h4 Qd8
28. Rxf8 Qxf8 29. Rf1 Qxa3 30. Rf7+ Kg8 31. bxa3 Ba6 32. Rf6 Kh7 33. Rxg6 Bc4
34. Rxb6 Bxa2 35. a4 Bc4 36. Kf2 Rf8+ 37. Ke3 Rf1 38. Rb7+ Kg8 39. Nxc4 dxc4
40. Rc7 Rc1 41. Rc5 Re1+ 42. Kf2 Rc1 43. Rxa5 Ra1 44. Ke3 Ra3+ 45. Kf4 c3 46.
Ke4 c2 47. Rc5 Rxg3 48. Rxc2 Rg4+ 49. Kd3 Rxh4 50. Ra2 1-0